المنتخب في تفسير القرآن الكريم / (رقم التسجيلة. 26002)

تفاصيل مارك
000 -الفاتح
عناصر البيانات ثابتة الطول 00806cam a2200181 i 4500
005 - تاريخ ووقت آخر معاملة
حقل ضبط 20251108165347.0
008 - عناصر البيانات ثابتة الطول
عناصر البيانات ثابتة الطول 250721s1984 ua gr 000 0 ara d
082 14 - رقم تصنيف ديوي العشري
رقم التصنيف 212
رقم المادة م ن ت
245 10 - بيان العنوان
العنوان المنتخب في تفسير القرآن الكريم /
بيان المسؤولية مصر وزارة الاوقاف المجلس الاعلى للشئون الاسلامية.
250 ## - بيان الطبعة
بيان الطبعة الطبعة العاشرة.
264 1# - بيانات النشر، التوزيع…إلخ
مكان النشر، التوزيع...إلخ القاهرة :
اسم الناشر، الموزع...إلخ وزارة الأوقاف-المجلس الأعلى للشئون اللإسلامية،
تاريخ النشر، التوزيع...إلخ 1984.
300 ## - الوصف المادي
عدد الوحدات المكونة للوعاء 397 صفحة.
650 17 - مدخل إضافي بالموضوع - مصطلح موضوعي
مصطلح موضوعي أو اسم جغرافي كعنصر مدخل القرآن الكريم
650 17 - مدخل إضافي بالموضوع - مصطلح موضوعي
مصطلح موضوعي أو اسم جغرافي كعنصر مدخل تفسير
710 1# - مدخل إضافي - اسم هيئة
اسم الهيئة أو السلطة المختصة كعنصر مدخل مصر. وزارة الاوقاف
الوحدة الفرعية وزارة الاوقاف، المجلس الاعلى للشئون الاسلامية.
علاقة الهيئة بالعمل/ دورالهئية معد.
942 ## - بيانات إضافية (كوها)
نوع التنصيف Dewey Decimal Classification
نوع المادة (كوها) مراجع
المقتنيات
حالة السحب حالة الفقدان مصدر التصنيف حالة التلف غير قابل للإعارة المكتبة الرئيسية المكتبة الحالية موقع الرف تاريخ التزويد الرقم المتسلسل Total Checkouts رقم الإستدعاء الباركود تاريخ آخر ظهور تاريخ الفاتورة نوع المادة (كوها)
    Dewey Decimal Classification   Not For Loan المكتبة المركزية المكتبة المركزية مراجع 06/07/2004 110311   م/ 212 / م ن ت 110311 28/07/2025 06/07/2004 مراجع
Implemented & Customized by: BBB with SCIT (Smart Chains for Information Technology)

Powered by Koha